Statistics for Top 10 US Cities starting with E

Click here to take the quiz!

General Stats

  • This quiz has been taken 56 times
  • The average score is 4 of 10

Answer Stats

PopulationAnswer% Correct
678,049El Paso
96%
175,685Eugene
57%
114,957Evansville
47%
181,758Elk Grove
30%
110,576Everett
30%
107,552Edinburg
28%
112,504Elgin
28%
132,570Elizabeth
28%
149,482Escondido
23%
103,959El Cajon
17%

Score Distribution

Percentile by Number Answered

Percent of People with Each Score

Your Score History

You have not taken this quiz